| 000 | 00841nam a2200229 u 4500 | ||
|---|---|---|---|
| 001 | 000536230 | ||
| 003 | AM-YeHGA | ||
| 005 | 20250617135410.0 | ||
| 008 | 070514s1973 ||||||||||||||||||||rus d | ||
| 040 | _aAM-YeHGA | ||
| 041 | 0 | _arus | |
| 100 | 1 | _aДразнин, Наум Моисеевич | |
| 245 | 1 | 0 |
_aСахарный диабет : _b(диагностика, патогенез, генетика) / _cН.М. Дразнин . |
| 260 |
_aМинск : _bБеларусь, _c1973. |
||
| 300 | _a192 с. | ||
| 650 | 1 | 4 | _aЭндокринология |
| 650 | 1 | 4 | _aСахарный диабет |
| 650 | 1 | 4 | _aПатологические процессы |
| 650 | 1 | 4 | _aМетаболические процессы |
| 650 | 1 | 4 | _aГенетическая предрасположенность к болезни |
| 090 | _c201119 | ||
| 999 |
_c199635 _d199635 |
||